|
|
|
|
| LEADER |
01296nam a22002897a 4500 |
| 001 |
38227 |
| 003 |
BD-DhAAL |
| 005 |
20220403111408.0 |
| 008 |
220327t2020 bg ||||| |||| 001 0 ben d |
| 999 |
|
|
|c 43900
|d 43900
|
| 020 |
|
|
|a 9789845251068
|
| 040 |
|
|
|a BD-DhAAL
|
| 041 |
|
|
|a BEN
|
| 082 |
|
|
|a 320.95492
|
| 100 |
|
|
|a আহমদ, কামরুদ্দীন
|9 47484
|
| 245 |
|
|
|a বাংলার মধ্যবিত্তের আত্মবিকাশ /
|n প্রথম ও দ্বিতীয় খণ্ড,
|c কামরুদ্দীন আহমদ
|
| 246 |
|
|
|a Banglar moddhobitter attobikash
|
| 260 |
|
|
|a ঢাকা :
|b প্রথমা প্রকাশন,
|c 2020
|
| 300 |
|
|
|a ৩৫৫ পৃষ্ঠা ;
|c ২২ সে.মি.
|
| 362 |
|
|
|a ১ম ও ২য় খণ্ড
|
| 504 |
|
|
|a নিঘন্ট অন্তভূক্ত ।
|
| 541 |
|
|
|a Donated By Akbar Ali Khan
|e 38229
|
| 600 |
|
|
|a Ahmed, Kamruddin
|v Biography
|9 47482
|
| 651 |
|
|
|a Bangladesh
|x Politics and government
|9 47483
|
| 852 |
|
|
|a Ayesha Abed Library
|c Akbar Ali Khan Collection
|
| 942 |
|
|
|2 ddc
|c BK
|
| 952 |
|
|
|0 0
|1 0
|2 ddc
|4 0
|6 320_954920000000000_AHM
|7 1
|9 70296
|a BRACUL
|b BRACUL
|c AAKC
|d 2022-03-27
|e Donated by Akbar Ali Khan
|l 0
|o 320.95492 AHM
|p 3010038229
|r 2022-03-27
|t 1
|w 2022-03-27
|y BK
|